000 00749nam a2200229 u 4500
001 000020324
005 20240412074249.0
008 100813s2015 dr 000 j spa d
020 _a9789945899115
040 _aDO-SdBNP
_bspa
_cBNPHU
082 _aRD863.5
_bG216e
100 1 _aGarcía Herrera, Edelvis
_942969
245 1 0 _aEscapando del monstruo /
_cEdelvis García Herrera.
260 _aSanto Domingo :
_bNacional,
_c2015.
300 _a68 p. ;
_c23 cm.
490 1 _aProyectos culturales
500 _aIncluye datos biográficos del autor en la solapa de la cubierta
650 0 _aCuentos dominicanos
_9176
650 0 _aLiteratura dominicana.
_967
830 0 _aProyectos culturales
_942970
910 _aValidado. Control de calidad MFF
999 _c19828
_d19828